Statistics for Biggest Cities in the Sasanian Persian Empire with a Map

Click here to take the quiz!

General Stats

  • This quiz has been taken 117 times
  • The average score is 19 of 53

Answers on the Map

Answers color-coded by a green-red scale on the quiz's map according to % correct below.
 

Answer Stats

PopulationCities% Correct
95kAlakhsindargird
(Alexandria)
96%
50kUrislim
(Jerusalem)
95%
50kDarmsuq
(Damascus)
93%
70kBeroia
(Aleppo)
88%
40kAnkyra
(Ankara)
87%
65kRag
(Ray, Tehran)
80%
40kAntiok
(Antakya)
79%
55kSpahan
(Isfahan)
73%
25kKapur
(Kabul)
71%
30kWeh Antiok Khosrow
69%
40kMemphis
(Mit Rahina)
68%
25kSan'aw
(Sana'a)
68%
25kEmesa
(Homs)
61%
30kHarew
(Herat)
61%
45kSamarqand
(Samarkand)
60%
50kMarw
(Merv)
55%
60kKaisaraia
(Kayseri)
52%
500kTisifon
(Salman Pak)
52%
30kArbela
(Erbil)
40%
25kKaisareia Paralios
(Caesarea)
40%
30kSus
(Shush)
40%
35kTheodosioupolis
(Erzurum)
40%
50kUrhay
(Şanlıurfa)
40%
30kAmid
(Diyarbakır)
39%
45kBakhl
(Balkh)
33%
25kKallinikos
(Raqqa)
33%
50kNew-Shapur
(Nishapur)
31%
50kKermanshah
29%
30kAhmatan
(Hamadan)
24%
30kGermanikeia
(Kahramanmaraş)
19%
65kNasibin
(Nusaybin)
19%
30kArdashir-Khurrah
(Firuzabad)
18%
60kHert
(Al-Hira)
18%
60kJaguda
(Ghazni)
18%
30kGurgan
17%
45kIoustinianoupolis
(Qift)
13%
30kSkuthopolis
(Beit She'an)
13%
45kDuwin
(Dvin)
11%
40kStakhr
11%
35kWahman-Ardashir
(Al-Bubsairy)
11%
25kTarmita
(Termez)
10%
60kGundeshapur
8%
35kWeh-az-Amid Kawad
8%
25kMaihand
(Maymana)
7%
25kOxyrrhynkhos
(Al-Bahnasa)
7%
30kDarabgird
(Darab)
6%
25kGilgit
6%
30kShiragan
(Sirjan)
6%
25kHulbuk
(Pingan)
5%
30kKarka d-Ledan
5%
25kPatala
5%
25kSarikol
(Taxkorgan)
5%
25kSeyfabad
5%

Score Distribution

Percentile by Number Answered

Percent of People with Each Score

Your Score History

You have not taken this quiz